| 000 | 01662nam a2200397Ia 4500 | ||
|---|---|---|---|
| 001 | dia_7333 | ||
| 003 | CHAP | ||
| 005 | 20240514183754.0 | ||
| 007 | ta | ||
| 008 | 220117s2018 mx abdofr 001 0 spa d | ||
| 010 | _a177619 | ||
| 040 |
_cCHAP _amxchpua |
||
| 090 | _aT.C.767 E87 IAI 2018 | ||
| 245 | 1 | 0 |
_aInterrelación Agricultura - Industria : _breporte de fase de campo / _ccoordinador José Espino Espinoza ; colaboradores Isabel Buendía Corona...[et al.] |
| 260 |
_aMéxico : _bEl autor, _c2018 |
||
| 300 |
_a54 hojas : _bilustraciones, mapas, gráficas, diagramas, tablas, fotos + _e1 CD-ROM |
||
| 500 | _aEl CD contiene reporte | ||
| 502 |
_aViaje de Estudios _b(IAI) -- _cUACh. Departamento de Ingeniería Agroindustrial, _d2018 |
||
| 504 | _aBibliografía: hojas 46-47 | ||
| 505 |
_aEmpresas visitadas: -- _t1. Planta Oleopalma -- 2. Fundación Quintana Roo Produce, A. C. -- 3. Industrializadora de cacao de Tabasco (INCATABSA) -- 4. UYITS KAÁN -- 5. Queso poro de Balancán, Tabasco |
||
| 650 | 1 | 3 |
_aAceite de coco _9427 |
| 650 | 1 | 3 |
_aMiel _9140677 |
| 650 | 1 | 3 |
_aOleaginosas _9143465 |
| 650 | 1 | 3 |
_aSemillas de cacao _9147466 |
| 650 | 1 | 3 |
_aCocoa beans _9147462 |
| 650 | 1 | 3 |
_aCoconut oil _9161693 |
| 650 | 1 | 3 |
_aHoney _9159055 |
| 650 | 1 | 3 |
_aOilseeds _9152851 |
| 700 | 1 |
_aEspino Espinoza, José _937878 _ecoordinador |
|
| 700 | 1 |
_aBuendía Corona, Isabel _9161602 _ecolaboradora |
|
| 856 | 4 | 1 |
_uhttp://10.13.5.2/ve/TC767IAI/TC767IAI2018-REPORTE.pdf _yDESCARGAR REPORTE |
| 901 | _aT.C.767 E87 IAI 2018 | ||
| 902 | _aM | ||
| 905 | _a5232272018 mx dnml8223123322spa16 | ||
| 942 |
_cVE _2local |
||
| 999 |
_c177619 _d177619 |
||